[Event "Soukhumi op"]
[Site "Soukhumi"]
[Date "2007.08.10"]
[Round "7"]
[White "Shuganov, Yury"]
[Black "Klimkin, Denis"]
[Result "1-0"]
[WhiteElo "2141"]
[BlackElo "2278"]
[PlyCount "93"]
[EventDate "2007.08.03"]
[EventType "swiss"]
[EventRounds "9"]
[EventCountry "RUS"]
[SourceTitle "EXT 2009"]
[Source "ChessBase"]
[SourceDate "2008.11.26"]
[SourceVersion "1"]
[SourceVersionDate "2008.11.26"]
[SourceQuality "1"]

1. Nf3 d5 2. g3 c5 3. Bg2 g6 4. 0-0 Bg7 5. d4 b6 6. c4 e6 7. cxd5 exd5 8. Nc3 Be6 9. Bf4 a6 10. dxc5 bxc5 11. Na4 Nd7 12. Bd6 Bf8 13. Bxf8 Kxf8 14. Rc1 Rc8 15. Qd2 Ngf6 16. Qh6+ Kg8 17. h3 Qf8 18. Qf4 Nh5 19. Qd2 Qd6 20. Ng5 Nhf6 21. e4 d4 22. b3 h6 23. Nxe6 fxe6 24. f4 e5 25. Rf2 Kg7 26. Nb2 Nb6 27. Qa5 Rhe8 28. fxe5 Rxe5 29. Nd3 Nxe4 30. Re2 Rg5 31. Bxe4 c4 32. Qb4 Qxg3+ 33. Bg2 Nd5 34. Qa4 Rf8 35. Qxc4 Qh4 36. Ne1 Qf4 37. Nd3 Qh4 38. Rf1 Rxf1+ 39. Kxf1 Rf5+ 40. Kg1 Qg3 41. Qxd4+ Kg8 42. Ne1 Nf4 43. Re8+ Rf8 44. Rxf8+ Kxf8 45. Qf2 Qxf2+ 46. Kxf2 Ke7 47. Bf1 1-0

[Event "Soukhumi op"]
[Site "Soukhumi"]
[Date "2007.08.09"]
[Round "6"]
[White "Klimkin, Denis"]
[Black "Chekhov, Sergey"]
[Result "0-1"]
[WhiteElo "2278"]
[BlackElo "2246"]
[PlyCount "70"]
[EventDate "2007.08.03"]
[EventType "swiss"]
[EventRounds "9"]
[EventCountry "RUS"]
[SourceTitle "EXT 2009"]
[Source "ChessBase"]
[SourceDate "2008.11.26"]
[SourceVersion "1"]
[SourceVersionDate "2008.11.26"]
[SourceQuality "1"]

1. e4 c5 2. Nf3 e6 3. d4 cxd4 4. Nxd4 Nf6 5. Bd3 Nc6 6. Be3 d5 7. Nxc6 bxc6 8. Nd2 Be7 9. 0-0 e5 10. f3 0-0 11. c3 Be6 12. Qc2 h5 13. Bf2 Nd7 14. exd5 cxd5 15. Bf5 Bxf5 16. Qxf5 g6 17. Qc2 Bc5 18. Nb3 Bxf2+ 19. Rxf2 Qb6 20. Rd1 Nf6 21. Kh1 Rfe8 22. Re2 h4 23. Rde1 Qd6 24. Qd2 h3 25. g3 Kg7 26. f4 exf4 27. Rxe8 Rxe8 28. Rxe8 Nxe8 29. Qxf4 Qe6 30. Kg1 Nf6 31. Nc5 Qe1+ 32. Qf1 Qe3+ 33. Qf2 Qc1+ 34. Qf1 Qxb2 35. Na4 Qxa2 0-1

[Event "Soukhumi op"]
[Site "Soukhumi"]
[Date "2007.08.07"]
[Round "5"]
[White "Demianjuk, Alexander"]
[Black "Klimkin, Denis"]
[Result "1-0"]
[WhiteElo "2302"]
[BlackElo "2278"]
[PlyCount "73"]
[EventDate "2007.08.03"]
[EventType "swiss"]
[EventRounds "9"]
[EventCountry "RUS"]
[SourceTitle "EXT 2009"]
[Source "ChessBase"]
[SourceDate "2008.11.26"]
[SourceVersion "1"]
[SourceVersionDate "2008.11.26"]
[SourceQuality "1"]

1. e4 e6 2. d4 d5 3. Nc3 Nf6 4. e5 Nfd7 5. f4 c5 6. Nf3 Nc6 7. Be3 a6 8. Qd2 b5 9. dxc5 Bxc5 10. Bxc5 Nxc5 11. Qf2 Qb6 12. Bd3 Nxd3+ 13. cxd3 Qxf2+ 14. Kxf2 Nb4 15. Rhd1 Bd7 16. Nd4 Ke7 17. Rac1 Rhc8 18. a3 Nc6 19. Nce2 Ra7 20. Nxc6+ Bxc6 21. Rc5 Rac7 22. Rdc1 Kd7 23. Nd4 g6 24. g4 Bb7 25. Rxc7+ Rxc7 26. Rxc7+ Kxc7 27. b4 Kb6 28. Nb3 Bc6 29. g5 Kc7 30. Ke3 Kb6 31. Kd4 Be8 32. Na1 Kc6 33. Nc2 Kb6 34. Ne3 Kc6 35. Ng4 Kb6 36. Nf6 Bc6 37. Nxh7 1-0